Detalles MARC
| 000 -CABECERA |
| campo de control de longitud fija |
01092nam a2200289 a 4500 |
| 001 - NÚMERO DE CONTROL |
| campo de control |
000033860 |
| 005 - FECHA Y HORA DE LA ÚLTIMA TRANSACCIÓN |
| campo de control |
20200930070558.0 |
| 008 - DATOS DE LONGITUD FIJA--INFORMACIÓN GENERAL |
| campo de control de longitud fija |
110913s2008 bl 000 0 spa d |
| 020 ## - NÚMERO INTERNACIONAL ESTÁNDAR DEL LIBRO |
| Número Internacional Estándar del Libro |
9788574401218 |
| 040 ## - FUENTE DE LA CATALOGACIÓN |
| Centro catalogador/agencia de origen |
DO-SdBNP |
| Lengua de catalogación |
spa |
| Centro/agencia transcriptor |
BNPHU |
| 082 ## - NÚMERO DE LA CLASIFICACIÓN DECIMAL DEWEY |
| Número de clasificación |
869.3 |
| Número de documento/Ítem |
A848c |
| 049 ## - FONDOS LOCALES (OCLC) |
| Fondos de biblioteca |
BNGR |
| 100 1# - ENTRADA PRINCIPAL--NOMBRE DE PERSONA |
| Nombre de persona |
Assis, Machado de |
| Fechas asociadas al nombre |
1839-1908 |
| 9 (RLIN) |
22389 |
| 245 10 - MENCIÓN DE TÍTULO |
| Título |
Correspondencia de Machado de Assis / |
| Mención de responsabilidad, etc. |
coordenação e orientação reunida, organizada é comentada por Irene Moutinho e Sílva Eleutério. |
| 260 ## - PUBLICACIÓN, DISTRIBUCIÓN, ETC. |
| Lugar de publicación, distribución, etc. |
Rio de Janeiro : |
| Nombre del editor, distribuidor, etc. |
Academia Brasileira de Letras, |
| Fecha de publicación, distribución, etc. |
2008. |
| 300 ## - DESCRIPCIÓN FÍSICA |
| Extensión |
v. ; |
| Dimensiones |
21 cm. |
| 490 1# - MENCIÓN DE SERIE |
| Mención de serie |
Afrânio Peixoto |
| Designación de volumen o secuencia |
84 |
| 500 ## - NOTA GENERAL |
| Nota general |
La biblioteca posee el v. 1 |
| 505 0# - NOTA DE CONTENIDO CON FORMATO |
| Nota de contenido con formato |
v. 1 - 1860-1869 |
| 600 14 - PUNTO DE ACCESO ADICIONAL DE MATERIA--NOMBRE DE PERSONA |
| Nombre de persona |
MACHADO DE ASSIS |
| Fechas asociadas al nombre |
1839-1908 |
| Subdivisión de forma |
CORRESPONDENCIAS, MEMORIAS, ETC. |
| 9 (RLIN) |
59276 |
| 650 #4 - PUNTO DE ACCESO ADICIONAL DE MATERIA--TÉRMINO DE MATERIA |
| Término de materia o nombre geográfico como elemento de entrada |
Autores brasileños |
| Subdivisión cronológica |
SIGLO XIX |
| Subdivisión general |
Correspondencias, memorias, etc. |
| 9 (RLIN) |
59277 |
| 700 12 - PUNTO DE ACCESO ADICIONAL--NOMBRE DE PERSONA |
| Nombre de persona |
Moutinho, Irene |
| 9 (RLIN) |
59278 |
| 700 12 - PUNTO DE ACCESO ADICIONAL--NOMBRE DE PERSONA |
| Nombre de persona |
Eleutério, Sílva |
| 9 (RLIN) |
59279 |
| 700 12 - PUNTO DE ACCESO ADICIONAL--NOMBRE DE PERSONA |
| Nombre de persona |
Rouanet, Sergio Paulo |
| 9 (RLIN) |
59280 |
| 830 #0 - PUNTO DE ACCESO ADICIONAL DE SERIE-TÍTULO UNIFORME |
| Título uniforme |
Afrânio Peixoto |
| Número de parte o sección de la obra |
84 |
| 9 (RLIN) |
59281 |
| 910 ## - DATOS DE OPCIÓN DEL USUARIO (OCLC) |
| Datos de opción del usuario |
Validado. Control de calidad MFF |